39 cidades mais populosas do Espírito Santo - Statistics

Estatísticas Gerais
  • Esse quiz foi jogado 166 vezes
    149 desde o último reset
  • A pontuação média é 22 de 39
Estatísticas das Respostas
Nº de Habitantes Iniciais Cidade % Correto
486 388 VV Vila Velha
100%
502 618 S Serra
99%
363 140 V Vitória
99%
387 368 C Cariacica
97%
169 048 L Linhares
94%
211 649 CdI Cachoeiro de Itapemirim
92%
128 449 SM São Mateus
91%
123 166 G Guarapari
85%
98 393 A Aracruz
81%
124 525 C Colatina
80%
50 991 NV Nova Venécia
67%
76 776 V Viana
67%
34 757 DM Domingos Martins
64%
34 628 I Itapemirim
64%
38 670 M Marataízes
56%
24 575 VNI Venda Nova do Imigrante
53%
20 757 F Fundão
51%
28 546 A Anchieta
50%
45 283 BSF Barra de São Francisco
49%
37 375 SGP São Gabriel da Palha
49%
24 025 ST Santa Teresa
48%
21 336 P Piúma
45%
38 304 C Castelo
44%
32 146 A Alegre
43%
31 794 BG Baixo Guandu
40%
31 574 CdB Conceição da Barra
40%
31 201 G Guaçuí
40%
39 928 SMJ Santa Maria de Jetibá
40%
32 361 AC Afonso Cláudio
39%
27 388 MdS Mimoso do Sul
39%
29 896 I Iúna
38%
29 642 J Jaguaré
38%
24 217 E Ecoporanga
35%
21 584 VA Vargem Alta
35%
29 038 S Sooretama
34%
26 537 PC Pedro Canário
33%
27 130 P Pinheiros
31%
23 697 P Pancas
30%
25 882 I Ibatiba
27%
Nenhum quiz correspondente encontrado
Distribuição das Pontuações
Porcentagem de Pessoas com Cada Pontuação
Percentil de Números Respondidos
Sua Pontuação Histórica
Você não jogou esse quiz desde o último reset